| 000 | 00875nas a2200253Ia 4500 | ||
|---|---|---|---|
| 001 | R123/45035 | ||
| 003 | IT-RoPAU | ||
| 008 | 151124c99999999xx |||||||||||| ||und|| | ||
| 040 | _aIT-RoPAU | ||
| 040 | _cIT-RoPAU | ||
| 041 | _aINGLESE | ||
| 100 |
_aSullivan Raymond _gCodice Aut. SPICS: 42367 |
||
| 210 | _aMEDIA DEVELOPMENT | ||
| 222 | _aMedia Development | ||
| 245 |
_aMEDIA DEVELOPMENT, ANNO 29-N.1 (1982) _bPop Music: Medium And Message |
||
| 250 | _a1a ed. | ||
| 260 |
_aLONDON _bWORLD ASSOCIATION CHR. COMMUN. _c1982 |
||
| 501 |
_bPaulus - SPICS - Società San Paolo EM (non-commercial uses only) _cCopyright2015 |
||
| 300 | _a3 p. [35-37] | ||
| 362 | _aANNO 029, N.01 (1982) | ||
| 500 | _aMusica Pop: Mezzo e Messaggio. Traduzioni di Canti Pop. Composizione e Produzione di Canti Pop. | ||
| 650 |
_aCOMUNICAZIONE _vPUBBLICAZIONE PERIODICA |
||
| 942 | _cCR | ||
| 999 |
_c154068 _d154068 |
||